| Tag |
First Indicator |
Second Indicator |
Subfields |
| LEADER |
00000cam a2200000 a 4500 |
| 001 |
in00001079813 |
| 005 |
20150929162132.0 |
| 008 |
830531s1973 caua b 001 0 eng |
| 010 |
|
|
|a 73002590
|
| 019 |
|
|
|a 09647018
|
| 035 |
|
|
|a (OCoLC)01037228
|
| 035 |
|
|
|9 AFQ9510AM
|
| 040 |
|
|
|a DLC
|c DLC
|d OCL
|d UtOrBLW
|
| 043 |
|
|
|a n-us---
|
| 049 |
|
|
|a TXAM
|
| 050 |
0 |
0 |
|a LB2342
|b .S85 1973
|
| 082 |
0 |
0 |
|a 379.1/1
|2 19
|
| 245 |
0 |
0 |
|a Strategies for budgeting /
|c George Kaludis, issue editor.
|
| 264 |
|
1 |
|a San Francisco :
|b Jossey-Bass,
|c [1973]
|
| 264 |
|
4 |
|c ©1973
|
| 300 |
|
|
|a viii, 106 pages :
|b illustrations ;
|c 24 cm.
|
| 336 |
|
|
|a text
|b txt
|2 rdacontent
|
| 337 |
|
|
|a unmediated
|b n
|2 rdamedia
|
| 338 |
|
|
|a volume
|b nc
|2 rdacarrier
|
| 490 |
1 |
|
|a New directions for higher education ;
|v no. 2 (Summer 1973)
|
| 504 |
|
|
|a Includes bibliographical references and index.
|
| 650 |
|
0 |
|a Universities and colleges
|z United States
|x Finance.
|
| 700 |
1 |
|
|a Kaludis, George.
|
| 830 |
|
0 |
|a New directions for higher education ;
|v no. 2.
|
| 999 |
|
|
|a MARS
|
| 999 |
f |
f |
|s ad21a953-d656-38fd-8442-16cf969d736f
|i 41841766-47d9-3ffc-877c-7b63a5af382e
|t 0
|
| 952 |
f |
f |
|p normal
|a Texas A&M University
|b College Station
|c Sterling C. Evans Library
|d Evans: Library Stacks
|t 0
|e LB2342 .S85 1973
|h Library of Congress classification
|i unmediated -- volume
|m A14816228477
|
| 998 |
f |
f |
|a LB2342 .S85 1973
|t 0
|l Evans: Library Stacks
|